| 000 | 00439nab a2200145Ia 4500 | ||
|---|---|---|---|
| 003 | ES-SlBCS | ||
| 005 | 20210601124316.0 | ||
| 008 | 140529s1986 xxu||||| |||| 00| 0 eng d | ||
| 041 | _aeng | ||
| 100 | 1 |
_aEllett, Frederick S. _9139462 |
|
| 245 | 0 | 0 |
_aResearch on Emotion: How Can It Be Done? _c Frederick S. Ellett |
| 650 | 0 | 4 |
_aEmoción _9132656 |
| 773 | 0 |
_tEducational Theory _gvol. 36, nº. 2, 1986, págs. 115-124 _wRev1399 |
|
| 942 | _cAR | ||
| 999 |
_c512688 _d512688 |
||